| 000 | 00643cam a2200205 4500 | ||
|---|---|---|---|
| 001 | ABS62090 | ||
| 008 | 000000n2000 000 0 eng u | ||
| 035 | _a(Sirsi) u104822 | ||
| 100 | _aJames, J. | ||
| 245 | _aFunds get a new lease of life | ||
| 260 | _c2000 | ||
| 490 |
_aProperty Week _v65(10) 10 March 2000, 86(1) |
||
| 520 | _aExplains how property specialists can make the most of the financial opportunities in commercial property. Examines sale and leaseback options. | ||
| 590 | _aABS | ||
| 650 | _aPROPERTY-COMMERCIAL PROPERTY | ||
| 650 | _aFINANCE | ||
| 650 | _aSALE AND LEASEBACK | ||
| 690 | _aINVESTMENT | ||
| 942 | _n0 | ||
| 999 |
_c62878 _d62878 |
||